000 00503nam a22001577a 4500
020 _qHard Cover.
082 _a629.892
245 _aImplementation of Human Detection on Hardware /
_cMobeen Ahmed.
260 _aIslamabad:
_bSMME-NUST.
_c2016.
300 _axii, 51 p. : ill. ;
_c30cm.
650 _aMs Thesis.
_918721
700 _aDr. Syed Omer Gilani.
_916175
856 _uhttp://10.250.8.41:8080/xmlui/handle/123456789/9494
942 _2ddc
_cTHE
999 _c529254
_d529254